BIOFUEL CROPS AND RENEWABLE ENERGY (Record no. 216183)
[ view plain ]
| 000 -LEADER | |
|---|---|
| fixed length control field | 00470nam a22001577a 4500 |
| 008 - FIXED-LENGTH DATA ELEMENTS--GENERAL INFORMATION | |
| fixed length control field | 251113b |||||||| |||| 00| 0 eng d |
| 020 ## - INTERNATIONAL STANDARD BOOK NUMBER | |
| International Standard Book Number | 979-8-88715-002-4 |
| 100 ## - MAIN ENTRY--PERSONAL NAME | |
| Personal name | WILLIAMS, LUCY |
| 245 ## - TITLE STATEMENT | |
| Title | BIOFUEL CROPS AND RENEWABLE ENERGY |
| 260 ## - PUBLICATION, DISTRIBUTION, ETC. | |
| Place of publication, distribution, etc. | DUBLIN |
| Name of publisher, distributor, etc. | ORYSON PRESS |
| Date of publication, distribution, etc. | 2023 |
| 300 ## - PHYSICAL DESCRIPTION | |
| Extent | XI, 310P. |
| 500 ## - GENERAL NOTE | |
| General note | INCLUDES INDEX |
| 650 ## - SUBJECT ADDED ENTRY | |
| Topical term or geographic name entry element | 1. BIOMASS ENERGY 2. BIOFUELS 3, ENERGY CROPS 4. RENEWABLE ENNERGY SOURCES |
| 942 ## - ADDED ENTRY ELEMENTS (KOHA) | |
| Source of classification or shelving scheme | Library of Congress Classification |
| Koha item type | Long Loan Book |
| Withdrawn status | Lost status | Source of classification or shelving scheme | Damaged status | Not for loan | Collection | Home library | Current library | Shelving location | Date acquired | Inventory number | Total checkouts | Full call number | Barcode | Date last seen | Copy number | Price effective from | Koha item type |
|---|---|---|---|---|---|---|---|---|---|---|---|---|---|---|---|---|---|
| Library of Congress Classification | Science & Technology | Kisii University Library | Kisii University Library | On Display | 11/13/2025 | 109787 | TP 339 .W55 2023 | 000000024721 | 11/13/2025 | C.1 | 11/13/2025 | Long Loan Book | |||||
| Library of Congress Classification | Science & Technology | Kisii University Library | Kisii University Library | On Display | 11/13/2025 | 109788 | TP 339 .W55 2023 | 000000024723 | 11/13/2025 | C.2 | 11/13/2025 | Long Loan Book | |||||
| Library of Congress Classification | Science & Technology | Kisii University Library | Kisii University Library | On Display | 11/13/2025 | 109789 | TP 339 .W55 2023 | 000000024722 | 11/13/2025 | C.3 | 11/13/2025 | Long Loan Book | |||||
| Library of Congress Classification | Science & Technology | Kisii University Library | Kisii University Library | On Display | 11/13/2025 | 109790 | TP 339 .W55 2023 | 000000024737 | 11/13/2025 | C.4 | 11/13/2025 | Long Loan Book |